000 00810nam a2200277 a 4500
001 000108307
003 CHAP
005 20220329144007.0
008 140124s2010 nyua |r| |||1|||eng|d
010 _a104769
011 _a105741
020 _a9780061733178
040 _cCHAP
082 0 4 _a616.042
_bC71
100 1 _aCollins, Francis S.
_9125244
245 1 4 _aLanguage of life :
_bDNA and the revolution in personalized medicine /
_cpor Francis S. Collins.
260 3 _aNew York, NY :
_bHarperCollins,
_c2010.
300 _axxv, 332 p. :
_bil.
590 _aBATCH-UPD
_b05
_c20140124
_lUCH01
_h1219
590 _aE792CSJ
_b05
_c20140124
_lUCH01
_h1218
650 1 4 _aDetección selectiva genética.
_9125245
650 1 4 _aGenética médica.
_9125246
901 _aBK
942 _cLIBRO
942 _n0
999 _c104769
_d104769